Aspectos ecológicos del combate de las plantas acuáticas (Record no. 210094)

MARC details
000 -CABECERA
campo de control de longitud fija 00639nam a2200193 a 4500
005 - FECHA Y HORA DE LA ÚLTIMA TRANSACCIÓN
campo de control 20240206085438.0
008 - DATOS DE LONGITUD FIJA--INFORMACIÓN GENERAL
campo de control de longitud fija 230817s1977 mx |||||r|||| 000 0 spa d
040 ## - FUENTE DE CATALOGACIÓN
Agencia de catalogación original MX-MxUPN
Idioma de catalogación spa
Agencia que realiza la transcripción MX-MxUPN
041 0# -
-- spa
050 14 -
-- QK930
-- L66 1977
100 1# -
-- Loma O., José Luis de la
-- 50626
245 10 - MENCIÓN DE TÍTULO
Título Aspectos ecológicos del combate de las plantas acuáticas
260 ## - PUBLICACION, DISTRIBUCION, ETC. (PIE DE IMPRENTA)
Lugar de publicación, distribución, etc. México :
Nombre del editor, distribuidor, etc. Secretaría de Agricultura y Recursos Hidraúlicos,
Fecha de publicación, distribución, etc. 1977.
300 ## - DESCRIPCIÓN FÍSICA
Extensión 39 páginas
650 #4 -
-- Plantas acuáticas
-- Aspectos ambientales
-- 50625
902 ## - ELEMENTOS DE DATOS B LOCAL, LDB (RLIN)
Creó MarielOrtiz/170823
Modificó Víctor Ruiz/141123
942 ## - ELEMENTOS DE PUNTO DE ACCESO ADICIONAL (KOHA)
Fuente del sistema de clasificación o colocación Library of Congress Classification
Tipo de ítem Koha Folleto
Holdings
Estado de retiro Estado de pérdida Fuente del sistema de clasificación o colocación Estado dañado No para préstamo Código de colección Localización permanente Ubicación/localización actual Ubicación en estantería Fecha de adquisición Signatura topográfica completa Código de barras Fecha visto por última vez Precio válido a partir de Tipo de ítem Koha
    Library of Congress Classification   Disponible (Préstamo en sala) Folletería Bib. Gregorio Torres Quintero Bib. Gregorio Torres Quintero Colecciones especiales Planta alta 17/08/2023 QK930 L66 1977 32143 17/08/2023 17/08/2023 Folleto